000 00692nam a2200229 a 4500
001 000010485
005 20240412074219.0
008 091007s1981 dr 000 f spa d
040 _aDO-SdBNP
_bspa
_cBNPHU
082 _aRD861.44
_bM313d
100 1 _aMarcano Sánchez, Manuel,
_d1954-
_925486
245 1 0 _aDe puño y letra /
_cManuel Macano Sánchez.
260 _aSanto Domingo :
_bTaller,
_c1981.
300 _a63 p. ;
_c24 cm.
490 1 _aPoesía
_v3
586 _aPremio Siboney 1980
590 _aInventariado, 2018/LP
650 0 _aPoesía dominicana
_966
650 0 _aLiteratura dominicana.
_967
830 0 _aPoesía
_n3
_925487
910 _aValidado. Control de calidad BNPHU
999 _c10244
_d10244